000 00485nam a2200169Ia 4500
003 GCL
005 20240530101927.0
008 140319s9999 xx 000 0 ara d
040 _aGCL /
_cGCL
082 0 4 _a812
_bن م
100 _aنعمان عاشور
245 1 0 _aالمغماطيس/
_cنعمان عاشور
260 _a[S.N] :
_bالهيئة المصرية العامة للكتاب ،
_c1984
300 _a96
490 _aالابداع العربى
_v0
942 _2ddc
_cBK
999 _c28778
_d28778